000 00490nam a2200193 a 4500
001 1755946828552
003 YourLibrary
005 20250826120540.0
008 250823s2009##################000#0#eng##
020 _a9788131602225
082 0 4 _a028.9
_bSAT
100 1 _aSatpathy, Sumanyu,
_eauthor.
245 1 0 _aReading Literary Culture :
260 _bRawat Books,
_c2009.
300 _a268 pages
650 0 _aHistory.
942 _cENGLISH
040 _aYourLibrary
_beng
_cYourLibrary
999 _c584027
_d584027